000 00719nam a2200277 a 4500
999 _c5231
_d5231
001 5231
003 BD-JhCC
005 20171211115439.0
008 171210s19482015n a|||| || | 000 0 eng d
020 _a9780194798815
020 _a9780194799485
020 _a9780194799539
035 _a(BD-JhCC)5231
040 _aBD-JhCC
_dBD-JhCC
041 _aeng
082 _a423.1
_bHOR 2015
100 _aHornby, A S
245 _aOxford Learner's Dictionary of Current English /
_cA S Hornby,
250 _a9th ed.
260 _aNew York :
_bOxford University Press,
_c2015.
300 _a1820 p. :
_c23 cm.
650 _aEnglish Dictionary
650 _aEnglish Language
942 _2ddc
_cREF